Allsvenska lag sedan 2010 - Statistics

General Stats
  • This quiz has been taken 267 times
    39 since last reset
  • The average score is 20 of 31
Answer Stats
Senaste säsong Lag % Correct
2025 Malmö FF
100%
2025 AIK
97%
2025 Djurgårdens IF
97%
2025 IFK Göteborg
97%
2025 Hammarby IF
87%
2025 GAIS
84%
2025 IFK Norrköping
84%
2025 Östers IF
84%
2022 Helsingborgs IF
81%
2024 Kalmar FF
81%
2025 IK Sirius
77%
2025 BK Häcken
74%
2025 IF Brommapojkarna
74%
2025 Halmstads BK
65%
2025 Mjällby AIF
65%
2021 Örebro SK
65%
2025 Degerfors IF
61%
2025 IF Elfsborg
61%
2024 Västerås SK
61%
2025 IFK Värnamo
58%
2021 Östersunds FK
55%
2018 Trelleborgs FF
55%
2022 GIF Sundsvall
52%
2016 Gefle IF
45%
2023 Varbergs BoIS
45%
2020 Falkenbergs FF
35%
2019 AFC Eskilstuna
32%
2013 Syrianska FC
29%
2015 Åtvidabergs FF
23%
2018 Dalkurd FF
23%
2017 Jönköping Södra
23%
No matching quizzes found
Score Distribution
Percent of People with Each Score
Percentile by Number Answered
Your Score History
You have not taken this quiz since the last reset